000 00599cam a2200217 i 4500
001 114523
005 20230410130935.0
008 140217s1986 enka 000 0 eng
020 _a9780571149049
041 0 _aEng
050 1 4 _aPQ 8498.32
_bV297r 1986
100 1 _aVargas Llosa, Mario,
_d1936-
245 1 4 _aThe real life of alejandro mayta/
_cMario Vargas Llosa. Traslated by alfred MacAdam
260 _aLondon:
_bFaber and faber,
_c1986
300 _a309 p.:
_c20 cm.
650 0 _aLiterature
650 4 _aLiteratura.
700 1 _aMacAdam, alfred
942 _2lcc
_cbk
946 _adpf
999 _c83162
_d83162